000 00241nam a2200097Ia 4500
001 640219
005 20250826153443.0
008 250824s9999 xx 000 0 und d
245 0 _a6 Kuşatma Altında
_cJohn Flanagan
260 _bBEYAZ BALİNA
999 _c640219
_d640219